[Event "Titled Tuesday intern op 16th Apr Late"]
[Site "Chess.com INT"]
[Date "2024.04.16"]
[Round "3"]
[White "Sethuraman, Sandeep"]
[Black "Rian, Kapriaga"]
[Result "1-0"]
[WhiteElo "2381"]
[BlackElo "2089"]
[PlyCount "91"]
[EventDate "2024.04.16"]
[EventType "swiss (blitz)"]
[EventRounds "11"]
[EventCountry "USA"]
[SourceTitle "CB17_2024"]
[SourceDate "2024.04.24"]
[SourceVersion "1"]
[SourceVersionDate "2024.04.24"]
[SourceQuality "1"]

1. e4 c6 2. Nf3 d5 3. d3 Bg4 4. Nbd2 Nd7 5. h3 Bxf3 6. Nxf3 e6 7. Be2 Bd6 8. 0-0 Ngf6 9. Re1 Qc7 10. Bf1 0-0 11. b3 Rfd8 12. Bb2 dxe4 13. dxe4 Ne5 14. Nd2 Ng6 15. Qe2 Bh2+ 16. Kh1 Be5 17. Bxe5 Qxe5 18. Nc4 Qc7 19. g3 b5 20. Nb2 a6 21. Bg2 e5 22. Rad1 h5 23. h4 Nf8 24. a4 Ne6 25. c3 Rxd1 26. Rxd1 Rd8 27. Bh3 Nf8 28. b4 g6 29. f3 Kg7 30. Nd3 Qd6 31. Nb2 Qc7 32. axb5 Qb7 33. bxa6 Rxd1+ 34. Nxd1 Qa7 35. Ne3 Qc7 36. Qc4 Qa7 37. Nc2 Qf2 38. Qf1 Qxc2 39. a7 Qa2 40. Qg1 Ne6 41. Bxe6 fxe6 42. Qc5 Kh6 43. Qf8+ Kh7 44. Qf7+ Kh6 45. Qxf6 Qf2 46. Qh8# 1-0

[Event "New York 1000 GM Spring GM-A"]
[Site "New York"]
[Date "2024.03.31"]
[Round "8"]
[White "Ostrovskiy, Aleksandr A"]
[Black "Sethuraman, Sandeep"]
[Result "1-0"]
[WhiteElo "2411"]
[BlackElo "2381"]
[PlyCount "104"]
[EventDate "2024.03.27"]
[EventType "tourn"]
[EventRounds "9"]
[EventCountry "USA"]
[EventCategory "8"]
[SourceTitle "CB14_2024"]
[SourceDate "2024.04.01"]
[SourceVersion "1"]
[SourceVersionDate "2024.04.01"]
[SourceQuality "1"]

1. Nf3 d5 2. e3 Nf6 3. c4 c6 4. d4 Bf5 5. Nc3 e6 6. Nh4 Be4 7. f3 Bg6 8. Bd2 Be7 9. Nxg6 hxg6 10. Qc2 a6 11. 0-0-0 Nbd7 12. Kb1 dxc4 13. Bxc4 c5 14. g4 b5 15. Bxe6 fxe6 16. g5 Nd5 17. Qxg6+ Kf8 18. Qxe6 Nc7 19. Qf5+ Kg8 20. Ne4 Nf8 21. Ba5 Qd5 22. Qg4 Nce6 23. dxc5 Qc6 24. h4 Nxc5 25. Rc1 Qd5 26. Nf6+ Bxf6 27. gxf6 g6 28. h5 Ncd7 29. hxg6 Qd3+ 30. Ka1 Rxh1 31. Rxh1 Qxg6 32. Qd4 Nxf6 33. e4 Rc8 34. Rg1 Kf7 35. Bc3 Qh6 36. a3 N6d7 37. Qd5+ Ke8 38. Rd1 Qe6 39. Qh5+ Qf7 40. Qxf7+ Kxf7 41. Rd6 Nc5 42. Ka2 Nfe6 43. Bb4 Rc7 44. e5 Rd7 45. Bxc5 Rxd6 46. Bxd6 Nd4 47. f4 Ke6 48. Bc5 Nf5 49. Kb3 Kd5 50. Kb4 Kc6 51. Bf8 Ne3 52. e6 Kd5 1-0

[Event "Titled Tuesday intern op 13th Feb Late"]
[Site "Chess.com INT"]
[Date "2024.02.13"]
[Round "1"]
[White "Sethuraman, Sandeep"]
[Black "Van Baar, Esper"]
[Result "1-0"]
[WhiteElo "2381"]
[BlackElo "2208"]
[PlyCount "45"]
[EventDate "2024.02.13"]
[EventType "swiss (blitz)"]
[EventRounds "11"]
[EventCountry "USA"]
[SourceTitle "CB08_2024"]
[SourceDate "2024.02.21"]
[SourceVersion "1"]
[SourceVersionDate "2024.02.21"]
[SourceQuality "1"]

1. d4 Nf6 2. c4 c6 3. Nc3 d5 4. e3 e6 5. Nf3 Nbd7 6. Qc2 Bd6 7. b3 0-0 8. Bb2 Qe7 9. Be2 e5 10. dxe5 Nxe5 11. Nxe5 Bxe5 12. cxd5 cxd5 13. 0-0 d4 14. exd4 Bxd4 15. Bf3 Qc5 16. Rac1 Bf5 17. Qd2 Bxc3 18. Rxc3 Qb6 19. Qf4 Be6 20. Rd3 Rad8 21. Bxf6 Rxd3 22. Qg5 g6 23. Qh6 1-0

[Event "Titled Tuesday intern op 06th Jun Late"]
[Site "Chess.com INT"]
[Date "2023.06.06"]
[Round "9"]
[White "Kraiouchkine, Nikita"]
[Black "Sethuraman, Sandeep"]
[Result "0-1"]
[WhiteElo "2218"]
[BlackElo "2381"]
[PlyCount "108"]
[EventDate "2023.06.06"]
[EventType "swiss (blitz)"]
[EventRounds "11"]
[EventCountry "USA"]
[SourceTitle "EXT 2024"]
[Source "ChessBase"]
[SourceDate "2023.10.10"]
[SourceVersion "1"]
[SourceVersionDate "2023.10.10"]
[SourceQuality "1"]

1. e4 c6 2. d4 d5 3. Nc3 dxe4 4. Nxe4 Nf6 5. Nxf6+ exf6 6. c3 Bd6 7. Bd3 0-0 8. Ne2 Re8 9. 0-0 Nd7 10. Ng3 Nf8 11. Bd2 Be6 12. Nf5 Bc7 13. Ne3 Qd7 14. Re1 f5 15. Nf1 f4 16. f3 Ng6 17. Qc2 Rad8 18. Re2 c5 19. Bxg6 hxg6 20. dxc5 Bf5 21. Qd1 Rxe2 22. Qxe2 Bd3 23. Qf2 Bxf1 24. Bxf4 Bxf4 25. Qxf1 Be3+ 26. Kh1 Bxc5 27. Re1 a6 28. Qc4 Bf8 29. Qe4 Qd5 30. Qe2 Qxa2 31. h3 Qd5 32. c4 Qd2 33. Qe4 Qxb2 34. f4 Qd4 35. Qxb7 Qxc4 36. Qf3 Qd3 37. Qxd3 Rxd3 38. Ra1 Rd6 39. Kg1 Rf6 40. g3 Bb4 41. Kg2 a5 42. Kf3 Ra6 43. Ra4 Kf8 44. Ke4 Ke7 45. Kd5 Kd7 46. g4 Rd6+ 47. Kc4 Kc6 48. Ra1 Re6 49. Kb3 Kb5 50. Rd1 Re3+ 51. Ka2 a4 52. Rd8 Re2+ 53. Kb1 a3 54. Ra8 Kc4 0-1

[Event "Titled Tuesday intern op 06th Jun Late"]
[Site "Chess.com INT"]
[Date "2023.06.06"]
[Round "6"]
[White "Sethuraman, Sandeep"]
[Black "Pinheiro, Iung Alicio"]
[Result "0-1"]
[WhiteElo "2381"]
[BlackElo "2306"]
[PlyCount "86"]
[EventDate "2023.06.06"]
[EventType "swiss (blitz)"]
[EventRounds "11"]
[EventCountry "USA"]
[SourceTitle "EXT 2024"]
[Source "ChessBase"]
[SourceDate "2023.10.10"]
[SourceVersion "1"]
[SourceVersionDate "2023.10.10"]
[SourceQuality "1"]

1. d4 Nf6 2. c4 Nc6 3. Nf3 e6 4. Nc3 Bb4 5. Qc2 d6 6. Bd2 a5 7. a3 Bxc3 8. Bxc3 a4 9. g3 Qe7 10. Bg2 e5 11. 0-0 0-0 12. d5 Nb8 13. e4 Nbd7 14. Ne1 Nc5 15. h3 Nh5 16. Qe2 g6 17. Nd3 b6 18. Kh2 Ba6 19. Nb4 Bc8 20. f4 f6 21. Nc6 Qe8 22. fxe5 fxe5 23. Rxf8+ Qxf8 24. Rf1 Qe8 25. Bd2 Bd7 26. Bh6 Bxc6 27. Rf8+ Qxf8 28. Bxf8 Rxf8 29. dxc6 Kg7 30. Qg4 Nf6 31. Qe2 Ng8 32. Bf3 Ne7 33. Qe3 Nxc6 34. h4 Nd4 35. Bd1 h6 36. h5 g5 37. Bg4 Rf1 38. Bh3 Rf3 39. Qe1 Nd3 40. Qd1 Rf2+ 41. Bg2 Nxb2 42. Qc1 Rc2 43. Qe3 Nd1 0-1

[Event "North American op 32nd"]
[Site "Las Vegas"]
[Date "2022.12.27"]
[Round "3"]
[White "Sethuraman, Sandeep"]
[Black "Kaplan, Avi Harrison"]
[Result "1-0"]
[WhiteElo "2394"]
[BlackElo "2046"]
[PlyCount "93"]
[EventDate "2022.12.26"]
[EventType "swiss"]
[EventRounds "9"]
[EventCountry "USA"]
[SourceTitle "CBM 211 Extra"]
[Source "ChessBase"]
[SourceDate "2023.01.31"]
[SourceVersion "1"]
[SourceVersionDate "2023.01.31"]
[SourceQuality "1"]

1. d4 Nf6 2. Nf3 b5 3. e4 Nxe4 4. Bxb5 Bb7 5. 0-0 e6 6. Re1 c5 7. Qd3 Nf6 8. Bf4 cxd4 9. Nbd2 Be7 10. Nc4 0-0 11. Nxd4 Na6 12. Nd6 Nc5 13. Qc4 Nh5 14. Nxb7 Nxb7 15. Bc7 Qc8 16. Ba6 Nf6 17. Bf4 Qxc4 18. Bxc4 Nd6 19. Ba6 Rab8 20. b3 Nd5 21. Be5 Nb4 22. Bf1 Rbc8 23. c4 Nb7 24. a3 d6 25. Bxg7 Kxg7 26. axb4 Bf6 27. Red1 Nd8 28. Rxa7 Kg8 29. b5 Rc5 30. b4 Rc8 31. Nf3 Bc3 32. Rb1 Re8 33. Rd7 e5 34. Rb3 Ba1 35. Rxd6 e4 36. Nd4 Nb7 37. Rd5 Red8 38. Nc6 Rxd5 39. Ne7+ Kf8 40. Nxd5 Bd4 41. c5 f5 42. b6 Rd8 43. Nf4 Ke7 44. Rh3 Nxc5 45. bxc5 Bxc5 46. b7 Kf6 47. Rb3 1-0

[Event "Charlotte CCCSA Fall GM-C"]
[Site "Charlotte"]
[Date "2022.11.18"]
[Round "1"]
[White "Kavutskiy, Konstantin"]
[Black "Sethuraman, Sandeep"]
[Result "1/2-1/2"]
[WhiteElo "2383"]
[BlackElo "2371"]
[PlyCount "156"]
[EventDate "2022.11.18"]
[EventType "tourn"]
[EventRounds "9"]
[EventCountry "USA"]
[EventCategory "5"]
[SourceTitle "CBM 211 Extra"]
[Source "ChessBase"]
[SourceDate "2023.01.31"]
[SourceVersion "1"]
[SourceVersionDate "2023.01.31"]
[SourceQuality "1"]

1. d4 Nf6 2. c4 e6 3. Nf3 d5 4. Nc3 c6 5. e3 a6 6. b3 Bb4 7. Bd2 Nbd7 8. Bd3 0-0 9. 0-0 Qe7 10. h3 dxc4 11. bxc4 e5 12. Bc2 b5 13. Rb1 Bd6 14. Ng5 h6 15. Nge4 bxc4 16. Nxd6 Qxd6 17. Ne2 exd4 18. Nxd4 Ne5 19. Bc3 Nd5 20. Ba1 Nb4 21. Nxc6 Qxc6 22. Bxe5 Nxc2 23. Qxc2 Qd5 24. Qc3 f6 25. Bf4 Bf5 26. Rfd1 Bd3 27. a4 Qh5 28. Rbc1 Ra7 29. Rd2 Rb7 30. Rb2 Rff7 31. Rxb7 Rxb7 32. Qd4 Rb4 33. Ra1 Qe2 34. Bg3 Kh7 35. a5 Rb3 36. Qd5 Rb2 37. Qd4 Qd2 38. Kh2 Rb3 39. Bh4 c3 40. Bxf6 Bg6 41. Qc4 Qd6+ 42. Kg1 Rb4 43. Be5 Rxc4 44. Bxd6 c2 45. Rc1 Rc3 46. Kh2 Rd3 47. Be7 Rd1 48. Ba3 Rd3 49. Be7 Rd1 50. Ba3 Be4 51. f3 Bd3 52. Kg3 g5 53. h4 Kg6 54. e4 Rd2 55. hxg5 hxg5 56. Bb4 Rd1 57. Ba3 Rd2 58. Bb4 Re2 59. Be7 Bc4 60. Bb4 Kf7 61. Ba3 Bd3 62. Rh1 Rd2 63. Kg4 Kg6 64. Rh8 Rxg2+ 65. Kh3 Bf1 66. Rg8+ Kf7 67. Rc8 Ke6 68. Rc5 Kf6 69. Bc1 Kg6 70. Rc8 Re2+ 71. Kg3 Rg2+ 72. Kh3 Kf7 73. Rc6 Ke7 74. Rxa6 Rf2+ 75. Kg3 Rg2+ 76. Kh3 Rf2+ 77. Kg3 Rg2+ 78. Kh3 Rf2+ 1/2-1/2

[Event "Hollywood Masters op"]
[Site "Los Angeles"]
[Date "2022.10.27"]
[Round "4"]
[White "Mikaelyan, Arman"]
[Black "Sethuraman, Sandeep"]
[Result "0-1"]
[WhiteElo "2556"]
[BlackElo "2371"]
[PlyCount "150"]
[EventDate "2022.10.26"]
[EventType "swiss"]
[EventRounds "9"]
[EventCountry "USA"]
[SourceTitle "EXT 2024"]
[Source "ChessBase"]
[SourceDate "2023.10.10"]
[SourceVersion "1"]
[SourceVersionDate "2023.10.10"]
[SourceQuality "1"]

1. d4 d5 2. c4 c6 3. Nf3 Nf6 4. Qb3 e6 5. Bg5 Nbd7 6. Nc3 Be7 7. e3 0-0 8. Rd1 a6 9. cxd5 exd5 10. Bd3 Re8 11. 0-0 Ne4 12. Bf4 Ndf6 13. h3 Bd6 14. Ne5 Nc5 15. dxc5 Bxe5 16. Ne2 Qc7 17. Bxe5 Rxe5 18. Qb4 Bf5 19. Bxf5 Rxf5 20. Ng3 Re5 21. Qf4 Rae8 22. Rd3 Qe7 23. Rc1 Ne4 24. Nf5 Qd7 25. Nd4 h6 26. Qg4 Qe7 27. f4 Nf6 28. Qg3 Nh5 29. Qf3 Rxe3 30. Nf5 Rxf3 31. Nxe7+ Rxe7 32. Rxf3 Re2 33. g4 Nf6 34. Rb3 Re7 35. Kf1 Ne4 36. Rc2 f5 37. Kg2 Kf7 38. Kf3 Kf6 39. Rd3 Re8 40. b4 Re7 41. a4 Kf7 42. b5 axb5 43. axb5 Kf6 44. Rb3 Re6 45. bxc6 bxc6 46. Rb7 g6 47. Rc7 g5 48. Rd7 Kg6 49. Ra7 Kf6 50. Ra8 fxg4+ 51. Kxg4 gxf4 52. Kxf4 Ng5 53. h4 Re4+ 54. Kg3 Ne6 55. Rc8 Ke5 56. Rc1 h5 57. Rg8 Kd4 58. Rg6 Nf4 59. Rd1+ Kxc5 60. Rh6 Ne2+ 61. Kf2 Nc3 62. Re1 Rxh4 63. Ree6 Ne4+ 64. Ke3 d4+ 65. Ke2 Rh2+ 66. Ke1 Rh1+ 67. Ke2 Rh2+ 68. Ke1 Kd5 69. Re8 c5 70. Rhe6 Rh1+ 71. Ke2 Rh2+ 72. Ke1 Nc3 73. Re5+ Kc4 74. Rc8 Nd5 75. Rh8 d3 0-1

[Event "New York Fischer GM"]
[Site "New York"]
[Date "2022.09.04"]
[Round "6"]
[White "Sethuraman, Sandeep"]
[Black "Chen, Justin"]
[Result "1/2-1/2"]
[WhiteElo "2336"]
[BlackElo "2325"]
[PlyCount "129"]
[EventDate "2022.09.01"]
[EventType "tourn"]
[EventRounds "9"]
[EventCountry "USA"]
[EventCategory "6"]
[SourceTitle "CBM 210 Extra"]
[Source "ChessBase"]
[SourceDate "2022.11.30"]
[SourceVersion "1"]
[SourceVersionDate "2022.11.30"]
[SourceQuality "1"]

1. d4 Nf6 2. c4 e6 3. Nc3 d5 4. cxd5 Nxd5 5. e4 Nxc3 6. bxc3 c5 7. Rb1 Be7 8. Bc4 0-0 9. Nf3 a6 10. 0-0 b5 11. Bd3 Nd7 12. Be3 Bb7 13. a4 cxd4 14. Bxd4 Nc5 15. Bxc5 Bxc5 16. axb5 axb5 17. Rxb5 Bb6 18. Rb2 Rb8 19. Qc2 Qc7 20. Rfb1 Ba8 21. c4 Bc5 22. Rb5 Qa7 23. Rxb8 Rxb8 24. Rxb8+ Qxb8 25. Qa4 g6 26. g3 Qd8 27. Bc2 Bb7 28. Qb5 Qc8 29. Bd3 Ba6 30. Qa5 Qc6 31. Kg2 Qd6 32. Qc3 Bb7 33. Bc2 Qb6 34. Qf6 Qc7 35. h4 Be7 36. Qd4 Bc5 37. Qf6 Be7 38. Qd4 Bc5 39. Qc3 Bf8 40. Nd2 Bc6 41. Nb3 Ba4 42. Nd2 Bc6 43. Nb3 Ba4 44. Nd4 Bg7 45. Bxa4 Qe5 46. Qc2 Qxd4 47. c5 Qc3 48. c6 Qxc2 49. Bxc2 Be5 50. f4 Bc7 51. Kf3 Kf8 52. e5 h6 53. Kg4 h5+ 54. Kf3 Ke7 55. g4 hxg4+ 56. Kxg4 Kf8 57. Kf3 Ke7 58. Ke4 Bb6 59. Ba4 Kd8 60. Kf3 Ke7 61. Bb5 f6 62. exf6+ Kxf6 63. Kg4 Bc7 64. Bd3 Bd6 65. Be4 1/2-1/2

[Event "Hollywood Classic-A 2nd"]
[Site "Los Angeles"]
[Date "2022.07.28"]
[Round "8"]
[White "Sethuraman, Sandeep"]
[Black "Matviishen, Viktor"]
[Result "0-1"]
[WhiteElo "2305"]
[BlackElo "2490"]
[PlyCount "94"]
[EventDate "2022.07.25"]
[EventType "tourn"]
[EventRounds "9"]
[EventCountry "USA"]
[EventCategory "8"]
[SourceTitle "EXT 2024"]
[Source "ChessBase"]
[SourceDate "2023.10.10"]
[SourceVersion "1"]
[SourceVersionDate "2023.10.10"]
[SourceQuality "1"]

1. d4 Nf6 2. c4 e6 3. Nc3 Bb4 4. Qc2 d5 5. a3 Bxc3+ 6. Qxc3 0-0 7. Bg5 c5 8. dxc5 d4 9. Qf3 Nbd7 10. e3 h6 11. Bxf6 Nxf6 12. 0-0-0 e5 13. Ne2 Bg4 14. Qg3 Qe7 15. exd4 exd4 16. Qd6 Qe8 17. f3 Qe3+ 18. Rd2 Rfd8 19. Qf4 Be6 20. Qxe3 dxe3 21. Rxd8+ Rxd8 22. Nc3 Nd7 23. Nd1 Nxc5 24. Nxe3 f5 25. g3 Nb3+ 26. Kc2 Nd4+ 27. Kc3 Nxf3 28. Bg2 Ne5 29. Re1 Nc6 30. Bxc6 bxc6 31. Nc2 Kf7 32. Nd4 Bd7 33. Re5 Kf6 34. Ra5 g5 35. b4 f4 36. gxf4 gxf4 37. Kd3 Re8 38. Rxa7 Bh3 39. Ra6 Re3+ 40. Kd2 Ke5 41. Nxc6+ Ke4 42. Ra5 Rd3+ 43. Kc2 f3 44. Ne5 f2 45. Nxd3 f1Q 46. Nc5+ Kf3 47. Nd3 Ke3 0-1

[Event "Hollywood Classic-A 2nd"]
[Site "Los Angeles"]
[Date "2022.07.27"]
[Round "5"]
[White "Stearman, Josiah P"]
[Black "Sethuraman, Sandeep"]
[Result "1-0"]
[WhiteElo "2387"]
[BlackElo "2305"]
[PlyCount "67"]
[EventDate "2022.07.25"]
[EventType "tourn"]
[EventRounds "9"]
[EventCountry "USA"]
[EventCategory "8"]
[SourceTitle "EXT 2024"]
[Source "ChessBase"]
[SourceDate "2023.10.10"]
[SourceVersion "1"]
[SourceVersionDate "2023.10.10"]
[SourceQuality "1"]

1. e4 c5 2. Nf3 d6 3. d4 cxd4 4. Nxd4 Nf6 5. Nc3 a6 6. Bg5 Nbd7 7. Bc4 Qb6 8. Bb3 e6 9. Bxf6 Nxf6 10. Qd2 Bd7 11. 0-0-0 0-0-0 12. f4 g6 13. Kb1 Kb8 14. e5 Ne8 15. Ne4 h6 16. c4 Qc7 17. Qc3 Bg7 18. Nf3 dxe5 19. Nxe5 g5 20. Qb4 Bxe5 21. fxe5 Bc6 22. Nc5 Rxd1+ 23. Rxd1 Ka7 24. Ba4 a5 25. Qe1 b6 26. Bxc6 Qxc6 27. Nd7 Nc7 28. c5 Nd5 29. cxb6+ Ka6 30. Qf1+ Kb7 31. Qxf7 Rd8 32. Nb8+ Kxb8 33. Qa7+ Kc8 34. Rc1 1-0